BNF 70 / (Record no. 18331)
[ view plain ]
| 000 -LEADER | |
|---|---|
| fixed length control field | 00378nam a22001577a 4500 |
| 005 - DATE AND TIME OF LATEST TRANSACTION | |
| control field | 20240624105107.0 |
| 008 - FIXED-LENGTH DATA ELEMENTS--GENERAL INFORMATION | |
| fixed length control field | 230509b |||||||| |||| 00| 0 eng d |
| 020 ## - INTERNATIONAL STANDARD BOOK NUMBER | |
| ISBN | 9780857111739 |
| 082 ## - DEWEY DECIMAL CLASSIFICATION NUMBER | |
| Classification number | 615.1341 |
| Item number | BNF |
| 245 ## - TITLE STATEMENT | |
| Title | BNF 70 / |
| 260 ## - PUBLICATION, DISTRIBUTION, ETC. | |
| Place of Publication | UK ; |
| Name of publisher, distributor, etc. | BMJ ; |
| Date of publication, distribution, etc. | 2015 |
| 300 ## - PHYSICAL DESCRIPTION | |
| Pages | 1366p. |
| 500 ## - GENERAL NOTE | |
| General note | include index . |
| 650 ## - SUBJECT ADDED ENTRY--TOPICAL TERM | |
| Subject / Department | Pharmacy / BNF |
| 300 ## - PHYSICAL DESCRIPTION | |
| -- | ill; |
| -- | 23 cm. |
| 952 ## - LOCATION AND ITEM INFORMATION (KOHA) | |
| -- | 0 |
| -- | 0 |
| 952 ## - LOCATION AND ITEM INFORMATION (KOHA) | |
| -- | 0 |
| -- | 0 |
| 952 ## - LOCATION AND ITEM INFORMATION (KOHA) | |
| -- | 0 |
| -- | 0 |
| 952 ## - LOCATION AND ITEM INFORMATION (KOHA) | |
| -- | 0 |
| -- | 0 |
| 952 ## - LOCATION AND ITEM INFORMATION (KOHA) | |
| -- | 0 |
| -- | 0 |
| 952 ## - LOCATION AND ITEM INFORMATION (KOHA) | |
| -- | 0 |
| -- | 0 |
| 952 ## - LOCATION AND ITEM INFORMATION (KOHA) | |
| -- | 0 |
| -- | 0 |
| 952 ## - LOCATION AND ITEM INFORMATION (KOHA) | |
| -- | 0 |
| -- | 0 |
| 952 ## - LOCATION AND ITEM INFORMATION (KOHA) | |
| -- | 0 |
| -- | 0 |
| 952 ## - LOCATION AND ITEM INFORMATION (KOHA) | |
| -- | 0 |
| -- | 0 |
| Lost status | Damaged status | Collection code | Permanent Location | Current Location | Shelving Location | Date acquired | Full Call Number | Accession No./Barcode | Date last seen | Copy number | item type | Koha item type |
|---|---|---|---|---|---|---|---|---|---|---|---|---|
| Pharmacy | Superior Information Resource Center (SIRC) Superior University- Main Campus | Superior Information Resource Center (SIRC) Superior University- Main Campus | Pharmacy | 05/09/2023 | 615.1341 BNF 2015 | 15925 | 05/09/2023 | 10 | BOOK | BOOK | ||
| Pharmacy | Superior Information Resource Center (SIRC) Superior University- Main Campus | Superior Information Resource Center (SIRC) Superior University- Main Campus | Pharmacy | 05/09/2023 | 615.1341 BNF 2015 | 15924 | 05/09/2023 | 1 | BOOK | BOOK | ||
| Pharmacy | Superior Information Resource Center (SIRC) Superior University- Main Campus | Superior Information Resource Center (SIRC) Superior University- Main Campus | Pharmacy | 05/09/2023 | 615.1341 BNF 2015 | 15923 | 05/09/2023 | 2 | BOOK | BOOK | ||
| Pharmacy | Superior Information Resource Center (SIRC) Superior University- Main Campus | Superior Information Resource Center (SIRC) Superior University- Main Campus | Pharmacy | 05/09/2023 | 615.1341 BNF 2015 | 15922 | 05/09/2023 | 3 | BOOK | BOOK | ||
| Pharmacy | Superior Information Resource Center (SIRC) Superior University- Main Campus | Superior Information Resource Center (SIRC) Superior University- Main Campus | Pharmacy | 05/09/2023 | 615.1341 BNF 2015 | 15921 | 05/09/2023 | 4 | BOOK | BOOK | ||
| Medical | Superior Information Resource Center (SIRC) Superior University- Main Campus | Superior Information Resource Center (SIRC) Superior University- Main Campus | Pharmacy | 05/09/2023 | 615.1341 BNF 2015 | 15920 | 05/09/2023 | 5 | BOOK | BOOK | ||
| Pharmacy | Superior Information Resource Center (SIRC) Superior University- Main Campus | Superior Information Resource Center (SIRC) Superior University- Main Campus | Pharmacy | 05/09/2023 | 615.1341 BNF 2015 | 15919 | 05/09/2023 | 6 | BOOK | BOOK | ||
| Pharmacy | Superior Information Resource Center (SIRC) Superior University- Main Campus | Superior Information Resource Center (SIRC) Superior University- Main Campus | Pharmacy | 05/09/2023 | 615.1341 BNF 2015 | 15918 | 05/09/2023 | 7 | BOOK | BOOK | ||
| Pharmacy | Superior Information Resource Center (SIRC) Superior University- Main Campus | Superior Information Resource Center (SIRC) Superior University- Main Campus | Pharmacy | 05/09/2023 | 615.1341 BNF 2015 | 15917 | 05/09/2023 | 8 | BOOK | BOOK | ||
| Pharmacy | Superior Information Resource Center (SIRC) Superior University- Main Campus | Superior Information Resource Center (SIRC) Superior University- Main Campus | Pharmacy | 05/09/2023 | 615.1341 BNF 2015 | 15916 | 05/09/2023 | 9 | BOOK | BOOK |
